Sports Quiz

Random Sports or NFL Quiz

NFL #1 Draft Picks (1980s) Quiz Stats

 Plays Quiz Updated Oct 20, 2017

Challenge
Share
Tweet
Score 0/10 Timer 04:00
0 Plays Today
Hint Answer % Correct
1983John Elway
96.5%
1989Troy Aikman
95%
1986Bo Jackson
87.9%
1985Bruce Smith
73.9%
1987Vinny Testaverde
69.3%
1980Billy Sims
44.3%
1982Kenneth Sims
43.6%
1981George Rogers
27.4%
1988Aundray Bruce
24%
1984Irving Fryar
21.7%

You're not logged in!

Compare scores with friends on all Sporcle quizzes.
OR
Log In

You Might Also Like...

Show Comments

Extras

Top Quizzes Today


Score Distribution

Your Account Isn't Verified!

In order to create a playlist on Sporcle, you need to verify the email address you used during registration. Go to your Sporcle Settings to finish the process.

Report this User

Report this user for behavior that violates our Community Guidelines.

Details: